3194 sayılı imar kanunu ve ilgili yönetmelikler-2001. (Record no. 200443410)
[ view plain ]
| 000 -LEADER | |
|---|---|
| fixed length control field | 00916nam a2200277 a 4500 |
| 001 - CONTROL NUMBER | |
| control field | 40598 |
| 003 - CONTROL NUMBER IDENTIFIER | |
| control field | TR-AnTOB |
| 005 - DATE AND TIME OF LATEST TRANSACTION | |
| control field | 20210903163213.0 |
| 008 - FIXED-LENGTH DATA ELEMENTS--GENERAL INFORMATION | |
| fixed length control field | 051101s2001 TR 00010 TUR |
| 040 ## - CATALOGING SOURCE | |
| Original cataloging agency | TR-AnTOB |
| Language of cataloging | eng |
| Transcribing agency | TR-AnTOB |
| 050 ## - LIBRARY OF CONGRESS CALL NUMBER | |
| Classification number | KKX3067 |
| 090 ## - LOCALLY ASSIGNED LC-TYPE CALL NUMBER (OCLC); LOCAL CALL NUMBER (RLIN) | |
| Classification number (OCLC) (R) ; Classification number, CALL (RLIN) (NR) | KKX3067 |
| Local cutter number (OCLC) ; Book number/undivided call number, CALL (RLIN) | U21 1985 |
| 099 ## - LOCAL FREE-TEXT CALL NUMBER (OCLC) | |
| Classification number | 344.426 SAY 1985 |
| 245 0# - TITLE STATEMENT | |
| Title | 3194 sayılı imar kanunu ve ilgili yönetmelikler-2001. |
| 264 ## - PRODUCTION, PUBLICATION, DISTRIBUTION, MANUFACTURE, AND COPYRIGHT NOTICE | |
| Place of production, publication, distribution, manufacture | Ankara: |
| Name of producer, publisher, distributor, manufacturer | Bayındırlık ve İskan Bakanlığı, |
| Date of production, publication, distribution, manufacture, or copyright notice | 2001. |
| 300 ## - PHYSICAL DESCRIPTION | |
| Extent | 120 pages; |
| Dimensions | 24 cm. |
| 336 ## - CONTENT TYPE | |
| Source | rdacontent |
| Content type term | text |
| Content type code | txt |
| 337 ## - MEDIA TYPE | |
| Source | rdamedia |
| Media type term | unmediated |
| Media type code | n |
| 338 ## - CARRIER TYPE | |
| Source | rdacarrier |
| Carrier type term | volume |
| Carrier type code | nc |
| 440 ## - SERIES STATEMENT/ADDED ENTRY--TITLE | |
| Title | Bayındırlık ve İskan Bakanlığı Teknik Araştırma ve Uygulama Gene Müdürlüğü yayın no: |
| Volume/sequential designation | 108. |
| 650 ## - SUBJECT ADDED ENTRY--TOPICAL TERM | |
| Topical term or geographic name entry element | İmar Hukuku |
| Geographic subdivision | Türkiye. |
| Topical term or geographic name entry element | Bina hukuku |
| Geographic subdivision | Türkiye. |
| 710 2# - ADDED ENTRY--CORPORATE NAME | |
| Corporate name or jurisdiction name as entry element | Bayındırlık ve İskan Bakanlığı. |
| 942 ## - ADDED ENTRY ELEMENTS (KOHA) | |
| Source of classification or shelving scheme | Other/Generic Classification Scheme |
| Koha item type | Book |
| Withdrawn status | Lost status | Source of classification or shelving scheme | Not for loan | Collection code | Home library | Current library | Shelving location | Date acquired | Source of acquisition | Total Checkouts | Full call number | Date last seen | Date shelved | Koha item type | Public note |
|---|---|---|---|---|---|---|---|---|---|---|---|---|---|---|---|
| Library of Congress Classification | Ödünç verilemez-İşlemde / Not for loan-In process | TOBB Kütüphanesi Bağış Koleksiyonu - Klasik | Merkez Kütüphane | Merkez Kütüphane | TOBB Bağışı Koleksiyonu / TOBB Gift Collection | 01/07/2005 | TOBB Devir / TOBB Transfer | KKX3067 .U21 1985 | 03/09/2021 | 03/09/2021 | Book | Donated by TOBB |
